000 00638cam a2200145 4500500
005 20260208005829.0
041 _afre
042 _adc
100 1 0 _aMarchal, Hugues
_eauthor
245 0 0 _aEffractions de la poésie, dir. par ELISABETH CARDONNE-ARLYCK et DOMINIQUE VIART. Écritures contemporaines n° 7, Lettres modernes Minard, 2003. Un vol. de 136 p.
260 _c2005.
500 _a49
786 0 _nRevue d'histoire littéraire de la France | 105 | 3 | 2005-06-01 | p. 655zzv-764zzv | 0035-2411
856 4 1 _uhttps://shs.cairn.info/revue-d-histoire-litteraire-de-la-france-2005-3-page-655zzv?lang=fr&redirect-ssocas=7080
999 _c1654008
_d1654008